La autoevaluación institucional en los centros de enseñanza /

Guardado en:
Autor Principal: Lafurcade, Pedro D.
Formato: Libro
Publicado: Argentina : Kapelusz, 1992
Materias:
Etiquetas: Agregar Etiqueta
Sin Etiquetas, Sea el primero en etiquetar este registro!
LEADER 01108nam a22001935a 4500
001 CEM.cems003696
005 19000101000000.0
008 130507s1992##################000#0#####d
003 CEMS
082 0 4 |a 371.26 
100 1 |a Lafurcade, Pedro D. 
245 1 0 |a La autoevaluación institucional en los centros de enseñanza / 
260 |a Argentina :  |b Kapelusz,  |c 1992 
300 |a 153 p. 
505 0 |a El problema de la efectividad de las escuelas y colegios del sistema educativo.-Exploraci¢n de nuevas b£squedas: la autoevaluaci¢n institucional.-Precisiones sobre alcances y posibilidades.-La autoevaluaci¢n en el marco de una reconceptualizaci¢n.-Métodos y procedimientos para registrar, organizar, interpretar y evaluar informaci¢n.-Informaci¢n sobre los logros que obtienen los alumnos en las diversas facetas de su formaci¢n.-Las condiciones del sistema que contribuyen a consolidar la importancia de la autoevaluaci¢n institucional.- 
653 |a Administracion escolar 
653 |a Educacion 
653 |a Evaluacion institucional 
859 |a CEMS  |b BIB. CEMS - 11 de abril  |h 371.26  |i L134-1  |p 16696.92  |t Ej.1